000 01069nam a22002057a 4500
999 _c60406
_d60406
003 Ge_BSU
005 20230712155230.0
008 230712s1980ge xxu||||| |||| 00| 0 geo d
041 _ageo
080 _a811.353 გ-70
100 _aგორდეზიანი, რისმაგ.
_919274
245 _aეტრუსკული და ქართველური = Этрусский и Картвельский = Etruskisch und Kartwelisch /
_c რ. გორდეზიანი; რედ. თ. გამყრელიძე.
264 _aთბილისი :
_bთბილისის უნივერსიტეტის გამომცემლობა ,
_c1980.
300 _a89 გვ.:
_b20 სმ.
501 _a საძიებელი: გვ.84.
520 _aრეზ. რუს. და გერმ.ენაზე
653 _aეტრუსკული ენა. ქართველური ენები.
700 _aგამყრელიძე, თ
_eრედაქტორი
_93546
942 _2udc
_cBK